Statistics for girl names that start with E

Click here to take the quiz!

General Stats

  • This quiz has been taken 41 times
  • The average score is 9 of 21

Answer Stats

HintAnswer% Correct
EEmma
91%
EElla
76%
EEmily
76%
EEliza
76%
EElizabeth
73%
EEva
64%
EEvelyn
55%
EEllie
52%
EElsa
42%
EErin
39%
EEsther
39%
EEleanor
33%
EEsme
30%
EEthel
27%
EEdna
27%
EElena
24%
EElaine
21%
EEsmerelda
21%
EEloise
21%
EEnid
12%
EEmelia
9%

Score Distribution

Percentile by Number Answered

Percent of People with Each Score

Your Score History

You have not taken this quiz